000 00717cab a2200229 4500
001 ABS55453
008 090401t1996 xxu||||| |||| 00| 0 eng d
035 _a(Sirsi) u16565
041 _aeng
100 _aYeang, F.
245 _aFixed price design and build contracts: risk allocation and analysis
260 _c1996
350 _a0
490 _aInternational Construction Law Review
_v13(3) July 1996, 300-307(8)
520 _aAnalyses and evaluates risk allocation in fixed price design and build contracts.
650 _aDESIGN AND GUILD
650 _aFIXED PRICE CONTRACTS
650 _aRISK ALLOCATION
690 _aBUILT ENVIRONMENT-BUILDING CONTRACT FORMS
942 _n0
948 _c04/03/1997
999 _c10922
_d10922